UBT Library

The Norton anthology of English literature / (Record no. 44104)

000 -LEADER
fixed length control field 01074cam a2200301 a 4500
001 - CONTROL NUMBER
control field 11778420
005 - DATE AND TIME OF LATEST TRANSACTION
control field 20180306031419.0
008 - FIXED-LENGTH DATA ELEMENTS--GENERAL INFORMATION
fixed length control field 990802s2000 nyub b 001 0 eng
010 ## - LIBRARY OF CONGRESS CONTROL NUMBER
LC control number 99043298
020 ## - INTERNATIONAL STANDARD BOOK NUMBER
International Standard Book Number 0393974863 (v. 1)
020 ## - INTERNATIONAL STANDARD BOOK NUMBER
International Standard Book Number 0393974871 (v. 1 : pbk.)
020 ## - INTERNATIONAL STANDARD BOOK NUMBER
International Standard Book Number 0393974901 (v. 2)
020 ## - INTERNATIONAL STANDARD BOOK NUMBER
International Standard Book Number 039397491X (v. 2 : pbk.)
035 ## - SYSTEM CONTROL NUMBER
System control number (DLC) 99043298
040 ## - CATALOGING SOURCE
Original cataloging agency DLC
Transcribing agency DLC
Modifying agency DLC
041 ## - LANGUAGE CODE
Language code of text/sound track or separate title eng
043 ## - GEOGRAPHIC AREA CODE
Geographic area code e-uk---
080 ## - UNIVERSAL DECIMAL CLASSIFICATION NUMBER
Universal Decimal Classification number 820.8
082 00 - DEWEY DECIMAL CLASSIFICATION NUMBER
Classification number 820.8 ABR
Edition number 21
100 ## - Rafti
Rafti 21
101 ## - Shkurtesa
Shkurtesa GJL
245 04 - TITLE STATEMENT
Title The Norton anthology of English literature /
Statement of responsibility, etc M.H. Abrams, general editor ; Stephen Greenblatt, associate general editor.
246 30 - VARYING FORM OF TITLE
Title proper/short title Anthology of English literature
504 ## - BIBLIOGRAPHY, ETC. NOTE
Bibliography, etc Includes bibliographical references and indexes.
906 ## - LOCAL DATA ELEMENT F, LDF (RLIN)
a 7
b cbc
c orignew
d 1
e ocip
f 19
g y-gencatlg
942 ## - ADDED ENTRY ELEMENTS (KOHA)
Source of classification or shelving scheme
Item type Books
Holdings
Withdrawn status Lost status Source of classification or shelving scheme Damaged status Not for loan Collection code Permanent location Current location Shelving location Date acquired Total Checkouts Full call number Barcode Date last seen Price effective from Koha item type
          Koleksioni i përgjithshem UBT - Lipjan UBT - Lipjan Koleksioni i përgjithshem 03/06/2018   820.8 ABR 002-3001295 03/06/2018 03/06/2018 Books
UBT Library © 2015-2024. All rights reserved University Education for Business and Technology